000
00307nam a22001337a 4500
008
181023b xxu||||| |||| 00| 0 eng d
020
_a
9780073528267
041
_a
eng
080
_2
9th
_a
316
100
_a
50
101
_a
SOC
245
_a
Sociology a Brief Introdution
_c
Schaefer,R.T
942
_2
udc
_c
BK
999
_c
50611
_d
50611